<?xml version="1.0" encoding="UTF-8"?>
<record
    xmlns:xsi="http://www.w3.org/2001/XMLSchema-instance"
    xsi:schemaLocation="http://www.loc.gov/MARC21/slim http://www.loc.gov/standards/marcxml/schema/MARC21slim.xsd"
    xmlns="http://www.loc.gov/MARC21/slim">

  <leader>01140nam a22001817a 4500</leader>
  <controlfield tag="008">120723t        xxu||||| |||| 00| 0 eng d</controlfield>
  <datafield tag="020" ind1=" " ind2=" ">
    <subfield code="a">0131868462</subfield>
  </datafield>
  <datafield tag="050" ind1=" " ind2=" ">
    <subfield code="a">QA152.2.M36</subfield>
  </datafield>
  <datafield tag="100" ind1=" " ind2=" ">
    <subfield code="a">Martin-Gay, K. Elayn</subfield>
  </datafield>
  <datafield tag="245" ind1=" " ind2=" ">
    <subfield code="a">Algebra: a combined approach. /</subfield>
    <subfield code="c">K. Elayn Martin-Gay</subfield>
  </datafield>
  <datafield tag="250" ind1=" " ind2=" ">
    <subfield code="a">3rd ed.</subfield>
    <subfield code="b">Annotated instructor's ed.</subfield>
  </datafield>
  <datafield tag="260" ind1=" " ind2=" ">
    <subfield code="a">Upper Saddle, N.J:</subfield>
    <subfield code="b">Prentice Hall.</subfield>
    <subfield code="c">2007.</subfield>
  </datafield>
  <datafield tag="300" ind1=" " ind2=" ">
    <subfield code="a">xxvi, 997 p. + various pagings:</subfield>
    <subfield code="b">ill.;</subfield>
    <subfield code="c">28 cm.</subfield>
    <subfield code="e">1 CD ROM</subfield>
  </datafield>
  <datafield tag="500" ind1=" " ind2=" ">
    <subfield code="a">Includes index  Includes CD-ROMs: Algebra: a combined approach, third ed. Chapter test prep video CD.    </subfield>
  </datafield>
  <datafield tag="505" ind1=" " ind2=" ">
    <subfield code="a">Contents: Prealgebra review -- Real numbers and introduction to algebra -- Equations, inequalities, and problem solving -- Graphing equations and inequalities --Systems of equations -- Exponents and polynomials - Factoring polynomials -- Rational expressions -- Graphs and functions -- Systems of equations and inequalities and variation -- Rational exponents, radicals, and complex numbers -- Quadratic equations and functions -- Exponential and logarithmic functions -- Conic sections -- Appendices </subfield>
  </datafield>
  <datafield tag="650" ind1=" " ind2=" ">
    <subfield code="b">Algebra.</subfield>
  </datafield>
  <datafield tag="942" ind1=" " ind2=" ">
    <subfield code="2">lcc</subfield>
    <subfield code="c">BK</subfield>
  </datafield>
  <datafield tag="999" ind1=" " ind2=" ">
    <subfield code="c">7334</subfield>
    <subfield code="d">14834</subfield>
  </datafield>
  <datafield tag="952" ind1=" " ind2=" ">
    <subfield code="0">0</subfield>
    <subfield code="1">0</subfield>
    <subfield code="2">lcc</subfield>
    <subfield code="4">0</subfield>
    <subfield code="7">0</subfield>
    <subfield code="a">WIUC-KL</subfield>
    <subfield code="b">WIUC-KL</subfield>
    <subfield code="c">GEN</subfield>
    <subfield code="d">2019-11-19</subfield>
    <subfield code="o">QA152.2.M36(3e)</subfield>
    <subfield code="p">K/2610/2610/19</subfield>
    <subfield code="r">2020-06-09 00:00:00</subfield>
    <subfield code="t">1</subfield>
    <subfield code="w">2020-06-09</subfield>
    <subfield code="y">BK</subfield>
  </datafield>
  <datafield tag="952" ind1=" " ind2=" ">
    <subfield code="0">0</subfield>
    <subfield code="1">0</subfield>
    <subfield code="2">lcc</subfield>
    <subfield code="4">0</subfield>
    <subfield code="7">0</subfield>
    <subfield code="a">WIUC-KL</subfield>
    <subfield code="b">WIUC-KL</subfield>
    <subfield code="c">GEN</subfield>
    <subfield code="d">2019-11-19</subfield>
    <subfield code="o">QA152.2.M361(3e)</subfield>
    <subfield code="p">K/2611/2611/19</subfield>
    <subfield code="r">2020-06-09 00:00:00</subfield>
    <subfield code="t">2</subfield>
    <subfield code="w">2020-06-09</subfield>
    <subfield code="y">BK</subfield>
  </datafield>
  <datafield tag="952" ind1=" " ind2=" ">
    <subfield code="0">0</subfield>
    <subfield code="1">0</subfield>
    <subfield code="2">lcc</subfield>
    <subfield code="4">0</subfield>
    <subfield code="7">0</subfield>
    <subfield code="a">WIUC-KL</subfield>
    <subfield code="b">WIUC-KL</subfield>
    <subfield code="c">GEN</subfield>
    <subfield code="d">2019-11-19</subfield>
    <subfield code="o">QA152.2.M362(3e)</subfield>
    <subfield code="p">K/2612/2612/19</subfield>
    <subfield code="r">2020-06-09 00:00:00</subfield>
    <subfield code="t">3</subfield>
    <subfield code="w">2020-06-09</subfield>
    <subfield code="y">BK</subfield>
  </datafield>
  <datafield tag="952" ind1=" " ind2=" ">
    <subfield code="0">0</subfield>
    <subfield code="1">0</subfield>
    <subfield code="2">lcc</subfield>
    <subfield code="4">0</subfield>
    <subfield code="7">0</subfield>
    <subfield code="a">WIUC-KL</subfield>
    <subfield code="b">WIUC-KL</subfield>
    <subfield code="c">GEN</subfield>
    <subfield code="d">2019-11-19</subfield>
    <subfield code="o">QA152.2.M363(3e)</subfield>
    <subfield code="p">K/2613/2613/19</subfield>
    <subfield code="r">2020-06-09 00:00:00</subfield>
    <subfield code="t">4</subfield>
    <subfield code="w">2020-06-09</subfield>
    <subfield code="y">BK</subfield>
  </datafield>
  <datafield tag="952" ind1=" " ind2=" ">
    <subfield code="0">0</subfield>
    <subfield code="1">0</subfield>
    <subfield code="2">lcc</subfield>
    <subfield code="4">0</subfield>
    <subfield code="7">0</subfield>
    <subfield code="a">WIUC-KL</subfield>
    <subfield code="b">WIUC-KL</subfield>
    <subfield code="c">GEN</subfield>
    <subfield code="d">2019-11-19</subfield>
    <subfield code="o">QA152.2.M364(3e)</subfield>
    <subfield code="p">K/2614/2614/19</subfield>
    <subfield code="r">2020-06-09 00:00:00</subfield>
    <subfield code="t">5</subfield>
    <subfield code="w">2020-06-09</subfield>
    <subfield code="y">BK</subfield>
  </datafield>
</record>
